Most and Least Livable Cities in 2022 - Statistics

General Stats
  • This quiz has been taken 1,035 times
  • The average score is 7 of 21
Answer Stats
City Score % Correct
Copenhagen 98.0
69%
Amsterdam 95.3
63%
Zurich 96.3
61%
Vienna 99.1
57%
Melbourne 95.1
49%
Toronto 95.4
49%
Geneva 95.9
48%
Vancouver 96.1
45%
Damascus 30.7
35%
Lagos 32.2
32%
Tehran 44.0
25%
Frankfurt 95.7
22%
Dhaka 39.2
21%
Calgary 96.3
19%
Karachi 37.5
18%
Osaka 95.1
18%
Tripoli 34.2
13%
Algiers 37.0
6%
Harare 40.9
4%
Port Moresby 38.8
3%
Douala 43.3
2%
No matching quizzes found
Score Distribution
Percent of People with Each Score
Percentile by Number Answered
Your Score History
You have not taken this quiz